Normal view
MARC view
- قصص - ساكن النجوم وقصص أخرى
Entry Topical Term
001 - CONTROL NUMBER
- control field: 15627
003 - CONTROL NUMBER IDENTIFIER
- control field: JO-AjAnu
005 - DATE AND TIME OF LATEST TRANSACTION
- control field: 20230606072807.0
008 - FIXED-LENGTH DATA ELEMENTS
- fixed length control field: 230606|| aca||aabn | a|a d
040 ## - CATALOGING SOURCE
- Original cataloging agency: JO-AjAnu
- Transcribing agency: JO-AjAnu
150 ## - HEADING--TOPICAL TERM
- Topical term or geographic name entry element: قصص - ساكن النجوم وقصص أخرى
670 ## - SOURCE DATA FOUND
- Source citation: Work cat.: (JO-AjAnu)8024: ترجمة حسن،مها محمد, author 15626, ساكن النجوم وقصص أخرى